000 00841nam a2200241 a 4500
001 BRL_138
005 20190320210614.0
008 850306s1985 u--a#####c---#000-0#eng-#
020 _a0890131538
041 _aeng
044 _au
050 4 _aNC139.O4
_b.G46 1985
245 1 0 _aGeorgia O´Keeffe
_bworks on paper
_cintroduction by David Turner ; essay by Barbara Haskell.
260 _aEstados Unidos
_bMuseum of Fine Arts
_bMuseum of New Mexico
_c1985
300 _aix, 102 p.
_bil. (algunas a color)
_c31 cm.
500 _aCatálogo de la exposición del Museum of Fine Arts y el Museum of New Mexico, 14 septiembre - 17 noviembre, 1985
500 _aAu183
600 1 4 _aO´Keeffe, Georgia
_d1887-1986
_vExposiciones
_923015
700 1 _aTurner, David
_923016
700 1 _aHaskell, Barbara
_923017
902 _aGRL
942 _2lcc
_cB
999 _c8951
_d8951